Science in the private interest : (Record no. 192127)
[ view plain ]
| 000 -LEADER | |
|---|---|
| fixed length control field | 01271cam a22002654a 4500 |
| 001 - CONTROL NUMBER | |
| control field | 000516300 |
| 003 - CONTROL NUMBER IDENTIFIER | |
| control field | AM-YeHGA |
| 005 - DATE AND TIME OF LATEST TRANSACTION | |
| control field | 20250617135020.0 |
| 008 - FIXED-LENGTH DATA ELEMENTS--GENERAL INFORMATION | |
| fixed length control field | 030107s2003 mdu||| ||b||||001|0|eng|d |
| 020 ## - INTERNATIONAL STANDARD BOOK NUMBER | |
| International Standard Book Number | 074251479X (alk. paper) |
| 040 ## - CATALOGING SOURCE | |
| Original cataloging agency | AM-YeHGA |
| 041 0# - LANGUAGE CODE | |
| Language code of text/sound track or separate title | eng |
| 042 ## - AUTHENTICATION CODE | |
| Authentication code | pcc |
| 043 ## - GEOGRAPHIC AREA CODE | |
| Geographic area code | n-us--- |
| 090 ## - LOCALLY ASSIGNED LC-TYPE CALL NUMBER (OCLC); LOCAL CALL NUMBER (RLIN) | |
| -- | 193597 |
| 100 1# - MAIN ENTRY--PERSONAL NAME | |
| Personal name | Krimsky, Sheldon. |
| 245 10 - TITLE STATEMENT | |
| Title | Science in the private interest : |
| Remainder of title | Has the lure of profits corrupted biomedical research? / |
| Statement of responsibility, etc. | Sheldon Krimsky. |
| 260 ## - PUBLICATION, DISTRIBUTION, ETC. | |
| Place of publication, distribution, etc. | Lanham : |
| Name of publisher, distributor, etc. | Rowman & Littlefield Publishers, |
| Date of publication, distribution, etc. | 2003. |
| 300 ## - PHYSICAL DESCRIPTION | |
| Extent | xiv, 247 p. ; |
| Dimensions | 24 cm. |
| 504 ## - BIBLIOGRAPHY, ETC. NOTE | |
| Bibliography, etc. note | Includes bibliogr. references and index. |
| 505 0# - FORMATTED CONTENTS NOTE | |
| Formatted contents note | Stories of the unholy alliance -- University-industry collaborations -- Knowledge as property -- The changing ethos of science -- The redemption of federal advisory committees -- Professors incorporated -- Conflicts of interest -- A question of bias -- The scientific journals -- The demise of public science -- Prospects for a new moral sensibility in academia -- Conclusion: Reinvesting in public interest science. |
| 650 #0 - SUBJECT ADDED ENTRY--TOPICAL TERM | |
| Topical term or geographic name entry element | Medicine |
| General subdivision | Research |
| Geographic subdivision | United States |
| General subdivision | Finance. |
| 650 #0 - SUBJECT ADDED ENTRY--TOPICAL TERM | |
| Topical term or geographic name entry element | Academic-industrial collaboration |
| Geographic subdivision | United States. |
| 650 #0 - SUBJECT ADDED ENTRY--TOPICAL TERM | |
| Topical term or geographic name entry element | Biotechnology industries |
| Geographic subdivision | United States. |
| Withdrawn status | Lost status | Damaged status | Not for loan | Collection | Home library | Current library | Date acquired | Total checkouts | Full call number | Barcode | Date last seen | Price effective from | Koha item type | Public note |
|---|---|---|---|---|---|---|---|---|---|---|---|---|---|---|
| General | Fundamental Scientific Library | Fundamental Scientific Library | 28/12/2016 | И 2/113274 | 320113274 | 28/12/2016 | 28/12/2016 | Գրքեր / Books | 30 Days Loan |
ՀՀ Գիտությունների ազգային ակադեմիայի հիմնարար գիտական գրադարան = Fundamental Scientific Library of NAS RA
All site content, except where otherwise noted, is licensed under a